| 000 | 00950nam a22001577a 4500 | ||
|---|---|---|---|
| 003 | OSt | ||
| 005 | 20151024090721.0 | ||
| 008 | 151024b xxu||||| |||| 00| 0 eng d | ||
| 040 | _cRUA | ||
| 082 | _aAVM SAK 2010 B090 Or.1 | ||
| 100 |
_92718 _aSAK, SOPHANNA. |
||
| 245 | _aeffect of using fresh pumpkin and amaran by adding in c.pconcentrate of growth rate on avianatanimal station of rua (ប្រសិទ្ធភាពនៃកការប្រើប្រាស់ផ្លែល្ពៅនិងផ្ទីដូងស្រស់បន្ថែុំក្នុងចំណីផ្សំក្រុមហ៊ុន c.p លើការលូតលាស់មាន់សាច់ពូច avian នៅស្ថានីយ៍ចិញ្ចឹមសត្វនៃសាកលវិទ្យាល័យភូមិន្ទកសិកម្ម) | ||
| 260 |
_aPhnom Penh _bRUA _c2010 |
||
| 300 |
_ax, 36p. _bill. _c29cm. |
||
| 942 |
_2ddc _cAVM |
||
| 999 |
_c2544 _d2544 |
||